People and progress in West Africa ; an introduction to the problems of development.

Bibliographic Details
Main Author: Hallett, Robin
Format: Book
Language:English
Published: Oxford, New York : Pergamon Press, [1966]
Edition:[1st ed.].
Series:The Commonwealth and international library. Regional studies of development problems
Subjects:

MARC

Tag First Indicator Second Indicator Subfields
LEADER 00000cam a2200000 4500
001 in00000064009
005 20151008051151.0
008 720131s1966 enkab b 00000 eng
010 |a  65027376  
035 |a (OCoLC)00231109 
035 |9 AAG6175AM 
040 |a DLC  |c WSU  |d OCL  |d TXA  |d UtOrBLW 
049 |a TXAM  |c 1 [455332]  |c 2 [425641] 
050 0 |a HC517.W5  |b H3 1966 
082 0 |a 309.166 
092 |a 309.166  |b H186p 
100 1 |a Hallett, Robin. 
245 1 0 |a People and progress in West Africa ;  |b an introduction to the problems of development. 
250 |a [1st ed.]. 
264 1 |a Oxford,  |a New York :  |b Pergamon Press,  |c [1966] 
300 |a xiii, 161 pages :  |b illustrations, color maps. ;  |c 20 cm. 
336 |a text  |b txt  |2 rdacontent 
337 |a unmediated  |b n  |2 rdamedia 
338 |a volume  |b nc  |2 rdacarrier 
490 0 |a The Commonwealth and international library. Regional studies of development problems 
504 |a Bibliography: 153-155. 
651 0 |a Africa, West  |x Economic conditions. 
651 0 |a Africa, French-speaking West  |x Economic conditions. 
999 |a MARS 
999 f f |s 1fb46175-5f4b-3f59-9183-9675e88cd8ab  |i 59657e58-fe83-33ab-88a1-374767200939  |t 0 
952 f f |p ric  |a Texas A&M University  |b Rellis Campus  |c Joint Library Facility  |d Remote Storage  |t 0  |e HC517.W5 H3 1966  |h Library of Congress classification  |i unmediated -- volume  |m A14800649314 
998 f f |a HC517.W5 H3 1966  |t 0  |l Remote Storage